| 000 | 01160cad a22002055a 4500 | ||
|---|---|---|---|
| 001 | L149174 | ||
| 008 | 100125e20100115xxk f 000 0 eng d | ||
| 035 | _a(Sirsi) u149174 | ||
| 041 | 0 | _aeng | |
| 110 | 2 |
_aUnited Kingdom _bDepartment for Culture, Media and Sport |
|
| 245 | 0 | 0 |
_aOptions for the disposal of redundant churches and other places of worship _h[electronic resource] |
| 260 |
_aLondon _bDCMS _bEnglish Heritage _c2010 |
||
| 520 | _aJoint guidance produced by English Heritage and DCMS gives options for the disposal of redundant churches. A charity is normally required to obtain the best price when disposing of property but a range of options exist including the former church becoming a community facility or be preserved as part of the nation's heritage. | ||
| 590 | _aKA NTK | ||
| 651 | 4 |
_aEngland and Wales _y1543- |
|
| 690 | _aBUILT ENVIRONMENT-BUILDING TYPES-ANCIENT MONUMENTS AND HISTORIC BUILDINGS | ||
| 710 | 1 |
_aEnglish Heritage _92714 |
|
| 856 | 4 | 0 |
_uhttps://www.culture.gov.uk/reference_library/publications/6575.aspx _zView the item free of charge at http://www.culture.gov.uk/reference_library/publications/6575.aspx |
| 942 | _n0 | ||
| 999 |
_c110398 _d110398 |
||